| 000 | 03119cam a2200325 i 4500 | ||
|---|---|---|---|
| 001 | 16202 | ||
| 003 | DO-SdUEMH | ||
| 005 | 20260130160704.0 | ||
| 007 | ta | ||
| 008 | 211105s2011 dr a|||gr|||| 000 0 spa|d | ||
| 020 | _a9789945443738 | ||
| 040 |
_aDO-SdUEMH _bspa _erda |
||
| 041 | _aspa | ||
| 082 | 1 | 4 |
_mRD _aRD330.97293 _bN964l |
| 084 | _b18-00059 | ||
| 110 | _aRepública Dominicana : Banco Central | ||
| 245 | 1 | 0 |
_aNueva literatura económica dominicana : _bpremios del Concurso de Economía Biblioteca "Juan Pablo Duarte", 2010 / |
| 264 | 0 | 1 |
_aSanto Domingo : _bPublicaciones del Banco Central de la República Dominicana, _c2011 |
| 264 | 4 | _c©2011 | |
| 300 |
_a274 páginas : _bilustraciones ; _c23 cm. |
||
| 336 |
_2rdacontent _atexto _btxt |
||
| 337 |
_2rdamedia _asin mediación _bn |
||
| 338 |
_2rdacarrier _avolumen _bnc |
||
| 490 |
_aBanco Central de la República Dominicana ; _v166 |
||
| 490 |
_aNueva literatura económica ; _v14 |
||
| 504 | _aBibliografías al final de cada parte | ||
| 505 | 1 | _aEstructura de plazos de las tasas de interés en República Dominicana: impacto de los factores macroecómicos tradicionales y del sistema de capitalización individual / Raúl E. Hernández Báez: Revisión de la literatura -- Principales hallazgo en materia de inversión de las reformas a los sistemas de pensiones en América Latina -- La reforma de los fondos de pensiones de contribución definida en Chile, su expansión en América Latina y principales características -- Objetivos a largo plazo de los fondos de pensiones y desarrollo del mercado de capitales -- Los límites cuantitativos de inversión y la diversificación del portafolio -- Decisiones en masa y la comparación entre los propios adiestradores o Peer Comparison -- ¿Cuál es la historia hasta ahora? -- Modelo econométrico -- Análisis econométrico -- Conclusiones y recomendaciones de política -- Traspaso de la política monetaria a las tasas de interés de mercado y sus efectos en el sector real. Evidencia para República Dominicana / Joel A. González Pantaleón: Revisión teórica -- Modelo teórico y metodología econométrica -- Análisis de las series de datos -- Resultados econométricos -- Análisis de impulso-respuestas -- Conclusiones -- Perturbaciones externas y cambios de la política económica: un análisis de la dinámica macroeconómica de República Dominicana para el período 1998-2009 / Francisco Alberta Ramírez de León: Revisión de la literatura -- Modelo macroeconómico -- Ecuación de demanda agregada -- Ecuación de inflación -- Ecuación de tipo de cambio real -- Política monetaria -- Equilibrio -- Evidencia empírica -- Estimación de demanda agregada -- Ecuación de inflación -- Ecuación tipo de cambio real -- Ecuación de política monetaria -- Simulación del modelo y análisis impulso-respuesta -- Efectos de un choque de producto externo -- Efectos de un choque de tasa de interés externa -- El capital social y crecimiento económico un caso de estudio para América Latina y el Caribe / Emilia Carolina Díaz Moreno. | |
| 942 |
_2ddc _cBK _n0 |
||
| 999 |
_c16202 _d16202 |
||